000 00436cam a2200145 4500500
005 20251012032549.0
041 _afre
042 _adc
100 1 0 _aBaldran, Jacqueline
_eauthor
245 0 0 _a« Toi dans l’ombre, Pepita »
260 _c2005.
500 _a18
786 0 _nSigila | 16 | 2 | 2005-12-20 | p. 93-101 | 1286-1715
856 4 1 _uhttps://shs.cairn.info/revue-sigila-2005-2-page-93?lang=fr&redirect-ssocas=7080
999 _c1547644
_d1547644